| 000 | 00544nam a22002057a 4500 | ||
|---|---|---|---|
| 003 | OSt | ||
| 005 | 20160530141018.0 | ||
| 008 | 160530b xxu||||| |||| 00| 0 eng d | ||
| 020 | _a0750633735 | ||
| 040 | _cDLMN. | ||
| 082 | _aWVB821c 1998. | ||
| 100 |
_aBrowning,G.G; _93923 |
||
| 245 | _aClinical Otology &Audiology. | ||
| 250 | _a2nd ed. | ||
| 260 |
_aOxford. _bButterworth Heinemann. _c1998. |
||
| 300 |
_a216p; _bill; _c26cm. |
||
| 504 | _aAppendix,references and index are included. | ||
| 650 |
_aPharmacy. _99094 |
||
| 942 |
_2z _cO_SHELF |
||
| 999 |
_c4217 _d4217 |
||